| 000 | 00519nam a2200205Ia 4500 | ||
|---|---|---|---|
| 003 | OSt | ||
| 005 | 20140318104840.0 | ||
| 008 | 140130s9999 xx 000 0 und d | ||
| 020 | _a97801516236285 | ||
| 050 |
_aF 354 _b.K46 2007 |
||
| 100 | _aKent, Deborah. | ||
| 245 |
_cDeborah Kent. _aThe Great Mississippi flood of 1927 / _b |
||
| 260 |
_bScholastic Inc., _cc2007. _aUSA : |
||
| 300 |
_a48 p. : _bcol. ill. ; _c30 cm. |
||
| 440 | _v1 | ||
| 521 | _aG10 | ||
| 526 | _c1020 | ||
| 942 |
_cBK _2lcc |
||
| 999 |
_c41366 _d41366 |
||